| 000 | 00829cam a22002651 4500 | ||
|---|---|---|---|
| 001 | ne 63002220 | ||
| 003 | DLC | ||
| 005 | 20260227111751.0 | ||
| 008 | 890228s1961 xx 000 0 ara | ||
| 010 | _ane 63002220 | ||
| 035 | _a(OCoLC)23493766 | ||
| 040 |
_aDLC _cMiU _dOCoLC _dDLC |
||
| 041 | 0 | _aarafre | |
| 042 | _apremarc | ||
| 050 | 0 | 0 |
_aK52.F7 _bN37 1961 |
| 100 | 2 | _aNaṣr al-Dīn, Muḥammad | |
| 245 | 1 | 0 | _aQāmūs qānūnī iqtiṣādī. |
| 260 | _c[1961] | ||
| 300 |
_a167 p. _c24 cm. |
||
| 500 | _aAdded t. p.: Lexique juridique et économique français-arabe, par Mohamed Nasreldin, Khalil Sabat, Moh, Abdel Hamid Ambar. | ||
| 650 | 0 |
_aLaw _xDictionaries _xFrench. |
|
| 650 | 0 |
_aCommerce _xDictionaries _xFrench. |
|
| 650 | 0 |
_aFrench language _xDictionaries _xArabic. |
|
| 700 | 1 |
_aShiḥātah, Shafīq _eed. |
|
| 999 |
_c46360 _d46360 |
||